[Event "Langley Labour Day op"]
[Site "Langley"]
[Date "2009.09.06"]
[Round "4.16"]
[White "Straka, Petr"]
[Black "Sullivan, Brian"]
[Result "0-1"]
[WhiteElo "1192"]
[BlackElo "1644"]
[PlyCount "60"]
[EventDate "2009.09.06"]
[EventType "swiss"]
[EventRounds "6"]
[EventCountry "CAN"]
[SourceTitle "EXT 2022"]
[Source "ChessBase"]
[SourceDate "2021.10.06"]
[SourceVersion "1"]
[SourceVersionDate "2021.10.06"]
[SourceQuality "1"]

1. d4 d5 2. Nc3 Nf6 3. Nf3 e6 4. Bg5 c5 5. e3 Nbd7 6. Be2 h6 7. Bxf6 Qxf6 8. 0-0 Bd6 9. Nb5 Bb8 10. b3 0-0 11. c4 a6 12. Nc3 cxd4 13. Qxd4 dxc4 14. Qxf6 Nxf6 15. Bxc4 b5 16. Be2 Bb7 17. Rad1 Bc7 18. Rd2 Ba5 19. Rc2 Rac8 20. Rfc1 b4 21. Nb1 Rxc2 22. Rxc2 Be4 23. Rc1 Rd8 24. a3 Bxb1 25. axb4 Be4 26. h3 Nd5 27. Rd1 Rc8 28. Bd3 Bxf3 29. gxf3 Rc3 30. Bb1 g6 0-1